Musika ixilla = Música callada / (Record no. 113011)

MARC details
000 -LEADER
campo de control de longitud fija 00756nam a2200217 4500
001 - NÚMERO DE CONTROL
campo de control 113011
003 - IDENTIFICADOR DE NÚMERO DE CONTROL
campo de control ES-MaACL
005 - FECHA Y HORA DE LA ÚLTIMA TRANSACCIÓN
campo de control 20251212171854.0
007 - CAMPO FIJO DE DESCRIPCIÓN FÍSICA--INFORMACIÓN GENERAL
campo de control de longitud fija t|
008 - DATOS DE LONGITUD FIJA--INFORMACIÓN GENERAL
campo de control de longitud fija 061121s1963 sp r ||||1| spa d
245 00 - MENCIÓN DEL TÍTULO
Título Musika ixilla = Música callada /
Mención de responsabilidad, etc. Las mejores poesías de Fray Luis de León y San Juan de la Cruz, en castellano y vaso con un trabajo póstumo de Orixe.
260 ## - PUBLICACIÓN, DISTRIBUCIÓN, ETC.
Lugar de publicación, distribución, etc. San Sebastián :
Nombre del editor, distribuidor, etc. Auñamendi,
Fecha de publicación, distribución, etc. 1963.
300 ## - DESCRIPCIÓN FÍSICA
Extensión 258 p. ;
Dimensiones 22 cm.
490 1# - MENCIÓN DE SERIE
Mención de serie Colección Azcue
700 1# - ENTRADA AGREGADA--NOMBRE PERSONAL
Nombre de persona León, Luis de,
Fechas asociadas al nombre 1527-1591
9 (RLIN) 71583
700 0# - ENTRADA AGREGADA--NOMBRE PERSONAL
Nombre de persona Juan de la Cruz,
Títulos y otros términos asociados al nombre Santo,
Fechas asociadas al nombre 1542-1591
9 (RLIN) 67110
700 1# - ENTRADA AGREGADA--NOMBRE PERSONAL
Nombre de persona Orixe.
9 (RLIN) 87271
830 0# - PUNTO DE ACCESO ADICIONAL DE SERIE-TÍTULO UNIFORME
Título uniforme Colección Azcue
9 (RLIN) 233165
852 ## - LOCALIZACIÓN
Ubicación ES-MaACL
Número de control de estantería E-2493
Sublocalización o colección R.55023
Holdings
Estatus retirado Estado de pérdida Estado de daño No para préstamo Biblioteca de origen Biblioteca actual Ubicación en estantería Fecha de adquisición Fuente de adquisición Total de préstamos Signatura topográfica completa Código de barras Visto por última vez Precio de reemplazo Tipo de ítem Koha
        Biblioteca del Ateneo de Madrid Biblioteca del Ateneo de Madrid Depósito 2 17/01/2008     E-2493 1117879 23/02/2023 23/02/2023 Libro impreso